000
00311nam a2200121Ia 4500
005
20251222144716.0
008
251222s9999||||xx |||||||||||||| ||spa||
082
_a
510.3/V21
100
_a
Valenzuela Alfaro, David
245
0
_a
Matemática
264
_b
Escuela de Periodismo Jaime Bausate y Meza
942
_c
LIB
999
_c
18027
_d
18027